banner-ar

هوية مصر بين العرب والاسلام / (Record no. 58389)

MARC details
000 -الفاتح
حقل البيانات ثابتة الطول 00804nam a2200229Ia 4500
008 - عناصر البيانات ثابتة الطول - معلومات عامة
حقل البيانات ثابتة الطول 140319s9999 xx 000 0 ara d
040 ## - مصدر الفهرسة
وكالة الفهرسة الأصلية GCL /
وكالة النسخ GCL
082 04 - رقم تصنيف ديوى العشرى
رقم التصنيف ق
رقم المادة 962.04
-- ج هـ
100 1# - المدخل الرئيسى - إسم شخصى
الإسم الشخصى بدر الرفاعى
245 10 - بيان العنوان
العنوان هوية مصر بين العرب والاسلام /
بيان المسئوليه,etc بدر الرفاعى
700 1# - المدخل الاضافى - اسم شخصى
الإسم الشخصى جانكوفسكى، ج 0
700 1# - المدخل الاضافى - اسم شخصى
الإسم الشخصى جرشونى، ا0
260 ## - PUBLICATION, DISTRIBUTION, ETC. (IMPRINT)
تاريخ النشر أو التوزيع 1991
300 ## - الوصف المادى
التعداد 447 ص ؛
أبعاد الوعاء 28 سم
650 04 - المدخل الاضافى بالموضوع-مصطلح موضوعى
مصطلح موضوعي القومية العربية
650 04 - المدخل الاضافى بالموضوع-مصطلح موضوعى
مصطلح موضوعي مصر - تاريخ
650 04 - المدخل الاضافى بالموضوع-مصطلح موضوعى
مصطلح موضوعي مصر - الاحوال السياسية
650 04 - المدخل الاضافى بالموضوع-مصطلح موضوعى
مصطلح موضوعي العالم العربى - تاريخ
650 04 - المدخل الاضافى بالموضوع-مصطلح موضوعى
مصطلح موضوعي مصر - تاريخ - العصر الحديث - ثورة 1919
942 ## - عناصر المدخل الإضافي( كوها)
مصدر التصنيف او مخطط الترفيف Dewey Decimal Classification
Koha [default] item type كتاب
260 ## - PUBLICATION, DISTRIBUTION, ETC. (IMPRINT)
-- القاهرة :
-- دار شرقيات للنشر ،
Holdings
حالة التراجع حالة الفقد حالة تلف ليس للاعارة المكان المؤقت الموقع الحالى تاريخ الاكتساب اجمالي اﻻعارات رقم الطلب الباركود تاريخ اخر مشاهدة تاريخ تفعيل السعر نوع وعاء كوها
        مكتبة القاهرة الكبرى مكتبة القاهرة الكبرى 03/26/2014   ق\962.04\ج هـ 151449 03/26/2014 03/26/2014 كتاب
        مكتبة القاهرة الكبرى مكتبة القاهرة الكبرى 03/26/2014   ق\962.04\ج هـ 151450 03/26/2014 03/26/2014 كتاب

Powered By

EGPV